"Cheers" Main Characters - Statistics

General Stats
  • This quiz has been taken 87 times
  • The average score is 8 of 10
Answer Stats
Hint Answer % Correct
Ted Danson Sam Malone
96%
Kelsey Grammer Frasier Crane
91%
John Ratzenberger Cliff Clavin
87%
Shelley Long Diane Chambers
82%
Nicholas Colasanto Ernie "Coach" Pantusso
77%
George Wendt Norm Peterson
77%
Woody Harrelson Woody Boyd
72%
Bebe Neuwirth Lilith Sternin-Crane
71%
Rhea Perlman Carla Tortelli-LeBec
69%
Kirstie Alley Rebecca Howe
68%
No matching quizzes found
Score Distribution
Percent of People with Each Score
Percentile by Number Answered
Your Score History
You have not taken this quiz